000 00982pam a2200277 i 4500
001 4591562
003 AUA.1
005 20250327123704.0
008 790108s1979 miu b 001 0 eng
010 _a79000099
020 _a080282353X
040 _aDLC
_cDLC
_dEXN
050 _aBS1253.3
_b.W46 1979
082 _a222/.13/077
090 _aBS 1151.2
_b.N48 v.3 1979
100 _aWenham, Gordon J.
_918219
130 0 _aBible.
_pO.T.
_pLeviticus.
_sWenham.
_f1979.
_918220
245 1 4 _aThe book of Leviticus /
_cby Gordon J. Wenham.
260 _aGrand Rapids, Mich. :
_bW. B. Eerdmans,
_cc1979.
300 _axiii, 362 p. ;
_c22 cm.
490 1 _aThe New international commentary on the Old Testament ;
_vv.3.
504 _aIncludes bibliographical references and indexes.
630 0 0 _aBible.
_pO.T.
_pLeviticus
_xCommentaries.
_918221
830 0 _aNew international commentary on the Old Testament ;
_vv.3.
_918223
942 _2lcc
_cREF
_hBS 1253.3
_i.W46 1979
999 _c5265
_d5265